| 000 | 00708nam a2200217 i 4500 | ||
|---|---|---|---|
| 001 | 77381 | ||
| 003 | ES-MaACL | ||
| 005 | 20260129170023.0 | ||
| 007 | t| | ||
| 008 | 041008s1954 sp 001 0 spa d | ||
| 100 | 1 |
_aHaecker, Theodor. _961419 |
|
| 245 | 1 | 3 |
_aEl cristiano y la historia / _cTheodor Haecker ; [traducción de Manuel Garrido]. |
| 260 |
_aMadrid : _bRialp, _c1954 ( _fEstades) |
||
| 300 |
_a168 p. ; _c19 cm. |
||
| 490 | 1 |
_aBiblioteca del pensamiento actual ; _v29 |
|
| 650 | 4 |
_aFilosofía- _vHistoria. _9158248 |
|
| 700 | 1 |
_aGarrido, Manuel, _d1925-2015 _955680 |
|
| 830 | 1 |
_aBiblioteca del pensamiento actual _v29 _9181187 |
|
| 852 |
_aES-MaACL _jC-10519 |
||
| 999 |
_c77381 _d77381 |
||